000 01474 a2200229 4500
001 242
005 20260407155416.0
008 260407a2005 arg spa d
003 AR-UNSa-BCEJYS
040 _aAR-UNSa-BCEJYS
_bspa
_cAR-UNSa-BCEJYS
080 _a658.3
_xPersonal. Relaciones humanas en la empresa (Recursos Humanos)
245 1 0 _aLa entrevista exitosa
_p100 preguntas y cómo responderlas
020 _a978-950-641-442-9
250 _a1a. ed
264 1 _aBuenos Aires :
_bGranica
_c2005
300 _a102 p.
_c18 cm
505 _a1. Vestido para triunfar - 2. La preparación previa - 3. Preguntas sobre datos personales y familiares - 4. Preguntas sobre nivel educacional - 5. Preguntas sobre personalidad - 6. Preguntas destinadas a conocer su iniciativa y creatividad 7. Preguntas sobre experiencia y formación - 8. Preguntas sobre habilidades gerenciales - 9. Preguntas para conocer si usted es la persona adecuada para el puesto - 10. Preguntas sobre investigación acerca del puesto - 11. Preguntas sobre salario - 12. Preguntas sobre sus objetivos profesionales - 13. Preguntas sobre sus intereses personales - 14. Preguntas que usted puede hacer al entrevistador - 15. El cierre: la importancia de la última impresón
942 _cBK
590 _aniveau_biblio:m niveau_hierar:0
100 1 _aAlles, Martha Alicia
856 4 1 _uhttps://biblioeco.unsa.edu.ar/pmb/images/libros/La entrvista social exitosa-l117540.jpg
_yImagen de portada
_qimage/jpeg
999 _c157
_d157